| 000 | 01019nam a22001937a 4500 | ||
|---|---|---|---|
| 999 |
_c16519 _d16519 |
||
| 003 | AR-CdUCM | ||
| 008 | 190503b ||||| |||| 00| 0 spa d | ||
| 040 |
_aMUNICIPALIDAD PROVINCIAL DEL CUSCO _cBIBLIOTECA MUNICIPAL DEL CUSCO |
||
| 082 |
_a985.093 / _bV433 |
||
| 245 |
_aVelasco : _bla voz de la revolución, discursos del Presidente de la República, general de división Juan Velasco Alvarado 1970 - 1972 / |
||
| 260 |
_aLima ; _bOficina Nacional de Difusión del SINAMOS, _c1972. |
||
| 300 |
_a2 tomi _c20 cm. |
||
| 505 | _aContenido: t.1. 1968-1970 -- Mensaje a la nación con motivo a la toma de la Brea y Pariñas. 9 de octubre de 1968 -- Discurso en la ceremonia de entrega del pabellón nacional en la división blindada 7 de noviembre de 1968 -- Discurso en el centro de instrucción militar del Perú. 31 de enero de 1969 -- t.2. 1970-1972. | ||
| 650 |
_aPolítica y gobierno _92693 |
||
| 650 |
_aRevolución _9844 |
||
| 650 |
_aReforma agraria _91861 |
||
| 942 |
_2ddc _cLIBROS |
||
| 945 |
_adavv _d03/05/2019 |
||